000 00609nam a2200229Ia 4500
003 OSt
005 20221005122019.0
006 a|||||r|||| 00| 0
007 ta
008 221004b |||||||| |||| 00| 0 eng d
024 _a30508
037 _cTextual
040 _aCRL
_cCRL
_beng
041 _2eng
_aeng
082 _aM2v2:N5, H0
100 _aBarns Margarita
_9631367
245 0 _aIndian press
_b A history of the growth of public opinion in India
260 _c1940
650 _aINDUSTRIAL ARTS
942 _hM2v2:N5, H0
_cTEXL
_2cc
999 _c1042992
_d1042992